000 00945nac a22002771i 4500
003 EG-ScBUE
005 20250629091933.0
008 250618t2005 caua f b 001 0 eng d
020 _a0805387331
020 _a9780805387339
040 _aEG-ScBUE
_beng
_erda
_cEG-ScBUE
_dEG-ScBUE
082 0 4 _a537
_bFRA
_222
100 1 _aFranklin, Jerrold,
_eauthor.
245 1 0 _aClassical electromagnetism /
_cJerrold Franklin, Temple University.
264 1 _aSan Francisco :
_bPearson Addison-Wesley,
_c[2005]
264 4 _cc2005
300 _axiv, 469 pages :
_billustrations ;
_c25 cm
336 _2rdacontent
_atext
_btxt
337 _aunmediated
_2rdamedia
_bn
338 _avolume
_bnc
_2rdacarrier
504 _aIncludes bibliographical references and index.
650 7 _aElectromagnetism
_vTextbooks.
_2BUEsh
655 _vReading book
856 4 1 _3Table of contents
_uhttp://www.loc.gov/catdir/toc/ecip055/2004030193.html
942 _cNB
_2ddc
999 _c7750
_d7750